000 00308nam a22001337a 4500
008 180927b xxu||||| |||| 00| 0 eng d
020 _a007017898
041 _aeng
080 _a341
100 _a15
101 _aSHJ
245 _aRICO in Business and Commercial Litigation
_cRoddy, K.P
942 _2udc
_cBK
999 _c48605
_d48605